Kraje o największej liczbie ludności na każda literę od A do Z - Statystyki

Ogólne statystyki
  • Ten quiz został rozwiązany 6 463 razy
    393 od ostatniego zresetowania
  • Średni wynik to 17 z 23
Statystyki odpowiedzi
Litera Kraj % Poprawnych
C Chiny
95%
R Rosja
93%
I Indie
92%
S Stany Zjednoczone
91%
B Brazylia
90%
O Oman
88%
J Japonia
80%
T Turcja
76%
F Filipiny
74%
D Demokratyczna Republika Konga
73%
N Nigeria
73%
V Vanuatu
73%
Z Zimbabwe
73%
E Etiopia
72%
M Meksyk
72%
H Hiszpania
71%
P Pakistan
69%
U Uganda
68%
K Kolumbia
61%
W Wietnam
61%
A Afganistan
59%
L Laos
54%
G Ghana
53%
Nie znaleziono quizów pasujących do podanych kryteriów
Rozkład punktacji
Procent ludzi z każdym wynikiem
Percentyl według liczby udzielonych odpowiedzi
Twoja historia wyników
Nie rozwiązałeś tego quizu od ostatniego zresetowania